000 00790nam a2200253Ia 4500
003 OSt
005 20220926011602.0
006 a|||||r|||| 00| 0
007 ta
008 220923b |||||||| |||| 00| 0 eng d
037 _cGeneral Book
040 _aRTL
_cRTL
_beng
041 _2eng
_aeng
082 _aB37:1N, L0
100 _aPesin Ivan N
_9314556
245 0 _aClassical and modern integration theories
260 _aNew York
_bAcademic Press
_c1970
300 _axviii,195p.
_ccm.
490 _aProbability and Mathematical Statistics: A Series of Monographs and Textbooks Ed by Z W Birnbaum and E Lukacs
500 _aBibliography: P 183-189
650 _aReal Variable
942 _hB37:1N, L0
_cGB
_2CC
999 _c620513
_d620513